Misteri rahsia rumah jin

Bibliographic Details
Format: Book
Published: Kuala Lumpur : Penerbitan Fargoes Sdn. Bhd. , 2019
Series:Novel grafik terkenal terbaharu
Subjects:

MARC

LEADER 00000cam a2200000 7i4500
001 0000083754
005 20190619.0
008 190619
020 |a 9789672282174 
041 0 |a Malay 
090 0 0 |a JF   |b AD MAL 
245 0 0 |a Misteri rahsia rumah jin 
260 |a Kuala Lumpur :   |b Penerbitan Fargoes Sdn. Bhd. ,   |c 2019 
300 |a 32p. ;   |c 21.7cm. 
490 0 |a Novel grafik terkenal terbaharu 
500 |a Children ages 7-9 years old (orange) 
541 0 0 |c Purchased on 2019   |f 2019/051 HAS   |h RM2.90 
650 0 |a Adventures   |x Juvenile fiction 
999 |a 0001580352   |b Book   |c Children Collection   |e Cawangan Batu Pahat 
999 |a 0001581690   |b Book   |c Children Collection   |e Cawangan Taman Universiti 
999 |a 0001581691   |b Book   |c Children Collection   |e Cawangan Bandar Tenggara 
999 |a 0001581693   |b Book   |c Children Collection   |e Cawangan Muar 
999 |a 0001581694   |b Book   |c Children Collection   |e Cawangan Pontian 
999 |a 0001581695   |b Book   |c Children Collection   |e Cawangan Bukit Gambir 
999 |a 0001581696   |b Book   |c Children Collection   |e Cawangan Kota Tinggi 
999 |a 0001581697   |b Book   |c Children Collection   |e Cawangan Tangkak 
999 |a 0001581698   |b Book   |c Children Collection   |e Cawangan Tmn. Ungku Tun Aminah 
999 |a 0001581699   |b Book   |c Children Collection   |e Cawangan Mersing 
999 |a 0001581700   |b Book   |c Children Collection   |e Cawangan Batu Pahat 
999 |a 0001581701   |b Book   |c Children Collection   |e Cawangan Segamat 
999 |a 0001581702   |b Book   |c Children Collection   |e Cawangan Taman Sri Lambak 
999 |a 0001581703   |b Book   |c Children Collection   |e Cawangan Bandar Penawar 
999 |a 0001581891   |b Book   |c Children Collection   |e Perbadanan Perpustakaan Awam Johor 
999 |a 0001581892   |b Book   |c Children Collection   |e Cawangan Urban Transformation Centre 
999 |a 0001581893   |b Book   |c Children Collection   |e Cawangan AEON Kulaijaya